| 000 | 01381cam a2200313 4500 | ||
|---|---|---|---|
| 001 | ABS67029 | ||
| 008 | 031003n2003 000 0 eng u | ||
| 035 | _a(Sirsi) u123837 | ||
| 100 | _aAtkinson, D. | ||
| 245 | _aDelay and disruption - reducing delays | ||
| 260 | _c2003 | ||
| 490 |
_aCost Engineer _v41(4) July 2003, 12-14(3) |
||
| 520 | _aThe third in a series this article looks at various aspects of delay, such as the nature of the requirement to reduce delays, mitigation of loss, mitigation of delay, the obligation to mitigate delay or to progress the works. Relates the concept to various forms of contract. (See also Abs66572 and Abs66802). | ||
| 590 | _aABS | ||
| 650 | _aMITIGATION OF LOSS | ||
| 650 | _aDELAY | ||
| 650 | _aDISRUPTION | ||
| 650 | _aBRITISH WESTINGHOUSE CO V UNDERGROUND ELECTRIC RAILWAYS | ||
| 650 | _aWHITE AND CARTER (COUNCILS) LTD V MCGREGOR | ||
| 650 | _aDIMOND V LOVELL | ||
| 650 | _aGARMAC GRAIN CO V FAIRE AND FAIRCLOUGH | ||
| 650 | _aASCON CONTRACTING LTD V ALFRED MCALPINE CONSTRUCTION (ISLE OF MAN) | ||
| 650 | _aMOTHERWELL BRIDGE CONSTRUCTION LTD V MICAFIL VAKUUMTECHNIK | ||
| 650 | _aDSND SUBSEA LTD V PETROLEUM GEO SERVICES ASA (PGS) | ||
| 650 | _aMIDLAND LAND RECLAMATION LTD V WARREN ENERGY LTD | ||
| 650 | _aTERRELL V MABIE TODD AND CO | ||
| 690 | _aBUILT ENVIRONMENT-BUILDING CONTRACT FORMS | ||
| 942 | _n0 | ||
| 999 |
_c73553 _d73553 |
||